Statistics for World War 1 Tile Quiz

Click here to take the quiz!

General Stats

  • This quiz has been taken 18 times
  • The average score is 31 of 45

Answer Stats

QuestionTileSelect% Correct
Countries that collapsed as a cause of ww1Austria-HungaryYes
100%
Countries that collapsed as a cause of ww1FranceNo
100%
Countries that collapsed as a cause of ww1Japanese EmpireNo
93%
Countries that collapsed as a cause of ww1LiberiaNo
93%
Important locations in ww1NiceNo
93%
Countries that collapsed as a cause of ww1Ottoman EmpireYes
93%
Countries that collapsed as a cause of ww1Russian EmpireYes
93%
Important locations in ww1TokyoNo
93%
Important locations in ww1WyomingNo
93%
Countries that collapsed as a cause of ww1British EmpireNo
86%
Important locations in ww1FreetownNo
86%
Countries that collapsed as a cause of ww1German EmpireYes
86%
Countries and territories created after ww1 1919-1921IndiaNo
86%
Important locations in ww1San MarinoNo
86%
Important locations in ww1VerdunYes
86%
Countries and territories created after ww1 1919-1921AustriaYes
79%
Year that the country entered ww1German Empire 1917No
79%
Year that the country entered ww1Greece 1914No
79%
Countries that collapsed as a cause of ww1SerbiaNo
79%
Important locations in ww1SommeYes
79%
Countries and territories created after ww1 1919-1921TanzaniaNo
79%
Year that the country entered ww1Romania 1915Yes
71%
Treaties and deals of ww1Treaty of LisbonNo
71%
Year that the country entered ww1British Empire 1915No
64%
Important locations in ww1Marne RiverYes
64%
Important locations in ww1SarajevoYes
64%
Treaties and deals of ww1Treaty of Brest LivtoskYes
64%
Treaties and deals of ww1Treaty of WashingtonNo
64%
Countries and territories created after ww1 1919-1921Alcase LorraineNo
57%
Year that the country entered ww1Bulgaria 1915Yes
57%
Countries and territories created after ww1 1919-1921HungaryYes
57%
Countries and territories created after ww1 1919-1921IraqNo
57%
Year that the country entered ww1Japanese Empire 1915No
57%
Treaties and deals of ww1Treaty of BordeauxNo
57%
Countries and territories created after ww1 1919-1921Gdansk-DanzigYes
50%
Year that the country entered ww1Montenegro 1915No
50%
Treaties and deals of ww1Treaty of SarajevoNo
50%
Year that the country entered ww1United States 1918No
50%
Countries and territories created after ww1 1919-1921Kingdom of Serbs, Croats, and SlovenesYes
43%
Treaties and deals of ww1Sykes Pecot AgreementYes
36%
Treaties and deals of ww1Treaty of LondonYes
36%
Year that the country entered ww1Montenegro 1914Yes
29%
Treaties and deals of ww1Treaty of San GermainYes
29%
Countries and territories created after ww1 1919-1921YugoslaviaNo
29%
Treaties and deals of ww1Treaty of TrianonYes
21%

Score Distribution

Percentile by Number Answered

Percent of People with Each Score

Your Score History

You have not taken this quiz